000 00907nam a2200253Ia 4500
003 OSt
005 20250611161558.0
008 220926b |||||||| |||| 00| 0 eng d
020 _a0140552227
037 _cReference
040 _aRTL
_cRTL
_beng
041 _2eng
_aeng
084 _aB J3/SC
_qRTL
100 _aKline, Morris
_9373917
245 0 _aMathematics in western culture.
260 _aEngland
_bPenguin books
_c1953
300 _a643 p.
_bIncludes bibliographical reference and index
520 _aThis book gives a remarkably fine account of the influences mathematics has exerted on the development of philosophy, the physical sciences, religion, and the arts in Western life
650 _aMathematics
650 _aMathematics history
_9400517
650 _aHistory and philosophy
_9812653
942 _hB J3/SC
_cREF
_2CC
_n0
999 _c693615
_d693615